現在開催されているジャンボ宝くじ - Statistics

General Stats
  • This quiz has been taken 21 times
  • The average score is 3 of 5
Answer Stats
名称 % Correct
年末ジャンボ宝くじ
95%
サマージャンボ宝くじ
90%
バレンタインジャンボ宝くじ
60%
ハロウィンジャンボ宝くじ
60%
ドリームジャンボ宝くじ
35%
No matching quizzes found
Score Distribution
Percent of People with Each Score
Percentile by Number Answered
Your Score History
You have not taken this quiz